00374nam a2200157Ia 4500003000400000005001700004008004100021040000700062041000800069082002000077100002400097245003500121250000600156260004100162365001300203OSt20230525111125.0210423s2000 xx 000 0 und d cAL aeng a616.89 GOLR223 aGOLDMAN (Howard H). aReview of general psychiatry.. a7 aNew DelhibMacmillan India Ltdc2000 b917cINR